[Event "Oberliga Wuerttemberg 1718"]
[Site "Wuerttemberg"]
[Date "2018.03.18"]
[Round "8"]
[White "Ludwig, Sebastian"]
[Black "Heidenfeld, Mark"]
[Result "0-1"]
[WhiteElo "2028"]
[BlackElo "2357"]
[PlyCount "94"]
[EventDate "2017.09.17"]
[EventType "team-tourn"]
[EventRounds "9"]
[EventCountry "GER"]
[SourceTitle "EXT 2019"]
[Source "ChessBase"]
[SourceDate "2018.10.10"]
[SourceVersion "1"]
[SourceVersionDate "2018.10.10"]
[SourceQuality "1"]
[WhiteTeam "Stuttgart Wolfbusch"]
[BlackTeam "Jedesheim"]
[WhiteTeamCountry "GER"]
[BlackTeamCountry "GER"]

1. d4 d6 2. c4 e5 3. Nf3 e4 4. Nfd2 f5 5. e3 Nf6 6. Be2 c5 7. 0-0 Nc6 8. d5 Ne5 9. b4 b6 10. Bb2 Be7 11. bxc5 bxc5 12. Nb3 Nfd7 13. Qd2 Bf6 14. Na3 0-0 15. Nb5 Nb6 16. Na5 a6 17. Nc3 Bd7 18. Rab1 Rb8 19. Ba1 Qc7 20. Rfd1 Na4 21. Nb3 Rb4 22. Nxa4 Bxa4 23. Rdc1 Rfb8 24. Bc3 R4b7 25. Qc2 Qd8 26. h3 Nd7 27. f3 exf3 28. Bxf3 g6 29. e4 f4 30. Bg4 Bxc3 31. Qxc3 Ne5 32. Be6+ Kg7 33. Rf1 Qg5 34. Rf2 Rb4 35. Kh1 Rxc4 36. Qa5 Qd8 37. Qd2 Rxe4 38. Rxf4 Rxf4 39. Qxf4 Rb4 40. Qf1 Bb5 41. Qe1 Qf6 42. a3 Nd3 43. Qg1 Nf2+ 44. Kh2 Re4 45. Nd2 Qf4+ 46. g3 Qxd2 47. a4 Re2 0-1

[Event "Oberliga Wuerttemberg 1718"]
[Site "Wuerttemberg"]
[Date "2018.01.21"]
[Round "6"]
[White "Jurek, Josef"]
[Black "Ludwig, Sebastian"]
[Result "1/2-1/2"]
[WhiteElo "2264"]
[BlackElo "2028"]
[PlyCount "56"]
[EventDate "2017.09.17"]
[EventType "team-tourn"]
[EventRounds "9"]
[EventCountry "GER"]
[SourceTitle "EXT 2019"]
[Source "ChessBase"]
[SourceDate "2018.10.10"]
[SourceVersion "1"]
[SourceVersionDate "2018.10.10"]
[SourceQuality "1"]
[WhiteTeam "Schwaebisch Gmuend"]
[BlackTeam "Stuttgart Wolfbusch"]
[WhiteTeamCountry "GER"]
[BlackTeamCountry "GER"]

1. Nf3 e6 2. g3 d5 3. Bg2 Nf6 4. 0-0 Be7 5. c4 0-0 6. d4 dxc4 7. Qc2 a6 8. a4 Bd7 9. Rd1 Bc6 10. Nc3 a5 11. e4 Na6 12. Ne5 Nb4 13. Qe2 Qe8 14. Qxc4 Rc8 15. b3 Nd7 16. Nxc6 bxc6 17. Na2 Nb6 18. Qe2 Qd7 19. Be3 Rfd8 20. Nxb4 Bxb4 21. Qc2 Rb8 22. Rdc1 e5 23. dxe5 Qe6 24. Rab1 Ba3 25. Rd1 Rxd1+ 26. Rxd1 Nd7 27. Qd2 Nxe5 28. Bf4 f6 1/2-1/2

[Event "GER-ch U25 op"]
[Site "Willingen"]
[Date "2008.05.15"]
[Round "7"]
[White "Kyas, Marcel"]
[Black "Ludwig, Sebastian"]
[Result "1/2-1/2"]
[WhiteElo "1986"]
[BlackElo "2036"]
[PlyCount "82"]
[EventDate "2008.05.11"]
[EventType "swiss"]
[EventRounds "9"]
[EventCountry "GER"]
[SourceTitle "CBM 124 Extra"]
[Source "ChessBase"]
[SourceDate "2008.07.03"]
[SourceVersion "1"]
[SourceVersionDate "2008.07.03"]
[SourceQuality "1"]

1. d4 Nf6 2. Nf3 d5 3. c4 c6 4. e3 Bf5 5. Nc3 e6 6. Nh4 Bg4 7. Qb3 Qb6 8. h3 Bh5 9. g4 Bg6 10. Nxg6 hxg6 11. Bg2 Nbd7 12. Bd2 Be7 13. 0-0-0 Qxb3 14. axb3 Nb6 15. c5 Nbd7 16. g5 Nh5 17. e4 b6 18. exd5 cxd5 19. cxb6 Nxb6 20. Kc2 0-0 21. Bf3 Rab8 22. Ra1 Rb7 23. Ra6 Rfb8 24. Kd3 Nc8 25. Bd1 Bd6 26. Ne2 Re7 27. f4 Rbb7 28. Rc6 Rec7 29. Rxc7 Bxc7 30. Rf1 Nd6 31. Rf3 Ne4 32. Ke3 f6 33. h4 Nd6 34. Bc2 Kf7 35. Kf2 Rb8 36. Rc3 Ba5 37. Rc6 Bxd2 38. Rxd6 Rb7 39. Kf3 Rc7 40. Bd3 Ba5 41. Ra6 Bb6 1/2-1/2

[Event "Wuerttemberg-chB"]
[Site "Balingen"]
[Date "2006.09.03"]
[Round "9"]
[White "Seyrich, Jonathan"]
[Black "Ludwig, Sebastian"]
[Result "0-1"]
[WhiteElo "1912"]
[BlackElo "2066"]
[PlyCount "90"]
[EventDate "2006.08.26"]
[EventType "swiss"]
[EventRounds "9"]
[EventCountry "GER"]
[SourceTitle "EXT 2007"]
[Source "ChessBase"]
[SourceDate "2006.11.23"]
[SourceVersion "1"]
[SourceVersionDate "2006.11.23"]
[SourceQuality "1"]

1. c4 Nf6 2. Nc3 e6 3. Nf3 Bb4 4. g3 0-0 5. Bg2 d5 6. b3 Bxc3 7. dxc3 dxc4 8. Qxd8 Rxd8 9. bxc4 Nc6 10. Bf4 Ne8 11. 0-0 f6 12. Rfd1 e5 13. Rxd8 Nxd8 14. Be3 Nd6 15. Nd2 Be6 16. c5 Nf5 17. Nf1 Nxe3 18. Nxe3 c6 19. Be4 g6 20. Bc2 Kf8 21. Bb3 Ke7 22. Rd1 Nf7 23. h4 Rd8 24. Rb1 Rd7 25. Nc4 Bxc4 26. Bxc4 Nd8 27. e4 f5 28. f3 fxe4 29. fxe4 Rd2 30. a4 Rc2 31. Rb3 Rc1+ 32. Kf2 Ra1 33. Rb2 Rxa4 34. Bg8 h6 35. Rd2 Rxe4 36. Kf3 Re1 37. Rd6 Rf1+ 38. Ke4 Re1+ 39. Kf3 Nf7 40. Rxg6 Rf1+ 41. Kg4 Rf6 42. Kh5 e4 43. Rg4 e3 44. Rb4 e2 45. Rxb7+ Ke8 0-1

[Event "Wuerttemberg-chB"]
[Site "Balingen"]
[Date "2006.09.02"]
[Round "8"]
[White "Ludwig, Sebastian"]
[Black "Ruprich, Udo"]
[Result "1/2-1/2"]
[WhiteElo "2066"]
[BlackElo "2029"]
[PlyCount "67"]
[EventDate "2006.08.26"]
[EventType "swiss"]
[EventRounds "9"]
[EventCountry "GER"]
[SourceTitle "EXT 2007"]
[Source "ChessBase"]
[SourceDate "2006.11.23"]
[SourceVersion "1"]
[SourceVersionDate "2006.11.23"]
[SourceQuality "1"]

1. e4 e5 2. Nf3 Nc6 3. Bb5 d6 4. d4 exd4 5. Nxd4 Bd7 6. 0-0 Nf6 7. Bg5 Be7 8. Bxc6 bxc6 9. Re1 0-0 10. Nf5 Bxf5 11. exf5 Re8 12. Nc3 d5 13. Qe2 Qd7 14. Qd3 Rab8 15. b3 h6 16. Bh4 Rb4 17. Bxf6 Bxf6 18. Rxe8+ Qxe8 19. Rd1 Rd4 20. Qe3 Kf8 21. Rxd4 Bxd4 22. Qxe8+ Kxe8 23. Ne2 Be5 24. f4 Bd6 25. Kf2 Kd7 26. Kf3 c5 27. g4 Be7 28. Ng3 a5 29. Nh5 Bf8 30. h4 Ke7 31. Ng3 Kd6 32. Nh5 c4 33. Ke3 cxb3 34. axb3 1/2-1/2

[Event "Stuttgart op"]
[Site "Stuttgart"]
[Date "2003.05.29"]
[Round "1.1"]
[White "Bunzmann, Dimitrij"]
[Black "Ludwig, Sebastian"]
[Result "1-0"]
[WhiteElo "2507"]
[BlackElo "2082"]
[PlyCount "51"]
[EventDate "2003.05.29"]
[EventType "swiss"]
[EventRounds "7"]
[EventCountry "GER"]
[SourceTitle "CBM 094 Extra"]
[Source "ChessBase"]
[SourceDate "2003.07.09"]
[SourceVersion "2"]
[SourceVersionDate "2003.07.09"]
[SourceQuality "1"]

1. d4 Nf6 2. c4 g6 3. Nc3 Bg7 4. e4 d6 5. Nf3 0-0 6. Be2 e5 7. 0-0 Nc6 8. d5 Ne7 9. b4 a5 10. Ba3 axb4 11. Bxb4 Nh5 12. c5 Bg4 13. h3 Bxf3 14. Bxf3 Nf4 15. h4 f5 16. g3 fxe4 17. Bxe4 Nh5 18. Nb5 Qd7 19. cxd6 Qxb5 20. dxe7 Rxf2 21. Rxf2 Qxb4 22. d6 cxd6 23. Qd5+ Kh8 24. Qxb7 Qxb7 25. Bxb7 Re8 26. Rc1 1-0

[Event "Stuttgart-chA"]
[Site "Stuttgart"]
[Date "2003.??.??"]
[Round "?"]
[White "Ludwig, Sebastian"]
[Black "Boceck, Oliver"]
[Result "1-0"]
[WhiteElo "2080"]
[BlackElo "1945"]
[PlyCount "76"]
[EventDate "2003.??.??"]
[EventType "swiss"]
[EventRounds "9"]
[EventCountry "GER"]
[SourceTitle "EXT 2007"]
[Source "ChessBase"]
[SourceDate "2006.11.23"]
[SourceVersion "1"]
[SourceVersionDate "2006.11.23"]
[SourceQuality "1"]

1. Nf3 d5 2. d4 Nf6 3. c4 e6 4. Nc3 c5 5. cxd5 Nxd5 6. Nxd5 Qxd5 7. Be3 cxd4 8. Qxd4 Qxd4 9. Bxd4 Bb4+ 10. Nd2 0-0 11. Rd1 Nc6 12. Be3 Rd8 13. a3 Be7 14. g3 Bf6 15. b4 Nd4 16. Bxd4 Rxd4 17. Bg2 Rb8 18. Ne4 Rxd1+ 19. Kxd1 Bb2 20. Kc2 Bf6 21. Nxf6+ gxf6 22. Rd1 Kf8 23. Rd8+ Ke7 24. Rh8 e5 25. Be4 f5 26. Bxb7 Rxb7 27. Rxc8 Kf6 28. Rc6+ Kg5 29. Rc5 Kf6 30. Rc6+ Kg5 31. Kc3 Rd7 32. b5 Rd5 33. a4 Rd7 34. a5 Rd5 35. Kc4 Rd4+ 36. Kc5 Rd2 37. b6 axb6+ 38. axb6 Rxe2 1-0

[Event "Stuttgart-chA"]
[Site "Stuttgart"]
[Date "2003.??.??"]
[Round "?"]
[White "Ludwig, Sebastian"]
[Black "Kulovic, Edmir"]
[Result "1-0"]
[WhiteElo "2080"]
[BlackElo "1935"]
[PlyCount "119"]
[EventDate "2003.??.??"]
[EventType "swiss"]
[EventRounds "9"]
[EventCountry "GER"]
[SourceTitle "EXT 2007"]
[Source "ChessBase"]
[SourceDate "2006.11.23"]
[SourceVersion "1"]
[SourceVersionDate "2006.11.23"]
[SourceQuality "1"]

1. Nf3 e6 2. d4 d5 3. c4 Nf6 4. g3 c6 5. Nbd2 Bd6 6. Bg2 Nbd7 7. 0-0 0-0 8. Qc2 Re8 9. b3 Nf8 10. Bb2 Ng6 11. Ne5 Nd7 12. Ndf3 Ngf8 13. Rad1 f6 14. Nxd7 Bxd7 15. e4 dxe4 16. Qxe4 Ng6 17. h4 Nh8 18. Rfe1 Nf7 19. Qd3 Qc7 20. c5 Bf8 21. Bh3 Rad8 22. Qc4 Qc8 23. b4 e5 24. Bxd7 Qxd7 25. dxe5 Qxd1 26. Rxd1 Rxd1+ 27. Kg2 fxe5 28. Nxe5 Rd5 29. Ng4 a6 30. Nf6+ gxf6 31. Qg4+ Ng5 32. hxg5 fxg5 33. Bf6 Bg7 34. Bxg5 h5 35. Qxh5 Ree5 36. f4 Rd2+ 37. Kh3 Ree2 38. Qg6 Re1 39. Bf6 Rd7 40. Be5 Rf7 41. Bxg7 Rxg7 42. Qd3 Re8 43. Kg2 Rf8 44. Kf3 Rff7 45. g4 Rd7 46. Qc4+ Kf8 47. g5 Rd5 48. Kg4 Rf7 49. Qe4 Kg7 50. Qe6 Rfd7 51. Qf6+ Kh7 52. Kh5 Kg8 53. Kg6 b5 54. f5 a5 55. Qe6+ Kf8 56. Qf6+ Kg8 57. a3 a4 58. Qe6+ Kf8 59. f6 Rd4 60. Qh3 1-0

[Event "Wuerttemberg candidate op"]
[Site "Oeffingen"]
[Date "2002.08.26"]
[Round "3"]
[White "Ludwig, Sebastian"]
[Black "Probst, Alexander"]
[Result "1-0"]
[WhiteElo "1879"]
[BlackElo "2113"]
[PlyCount "157"]
[EventDate "2002.??.??"]
[EventType "swiss"]
[EventRounds "9"]
[EventCountry "GER"]
[SourceTitle "EXT 2004"]
[Source "ChessBase"]
[SourceDate "2003.11.25"]
[SourceVersion "1"]
[SourceVersionDate "2003.11.25"]
[SourceQuality "1"]

1. d4 d5 2. c4 c6 3. Nf3 Nf6 4. g3 e6 5. Bg2 Bd6 6. Nbd2 0-0 7. 0-0 Nbd7 8. b3 e5 9. dxe5 Nxe5 10. cxd5 Nxd5 11. Bb2 Qe7 12. Rc1 Bg4 13. Qc2 Nb4 14. Qb1 Rad8 15. Rfd1 Bh5 16. Qa1 Bxf3 17. Nxf3 Nxf3+ 18. Bxf3 f6 19. a3 Na6 20. b4 Nc7 21. Qa2+ Kh8 22. Qc4 Be5 23. Qe4 Nb5 24. Bxe5 Qxe5 25. Qxe5 fxe5 26. a4 Nd4 27. Kg2 Nxf3 28. exf3 Rd4 29. Rxd4 exd4 30. Rd1 Rd8 31. f4 Kg8 32. Kf3 Kf7 33. Ke4 Re8+ 34. Kd3 Kf6 35. Rc1 Kf5 36. h3 h5 37. Rc5+ Kf6 38. Rxh5 Re1 39. Kxd4 Rf1 40. Ke3 Rb1 41. b5 Rb3+ 42. Ke2 Ra3 43. bxc6 bxc6 44. Rc5 Rxa4 45. Rxc6+ Kf5 46. Rc5+ Kf6 47. Kf3 Ra2 48. Kg4 Ra6 49. f5 Rd6 50. Ra5 a6 51. f4 Kf7 52. Rc5 Kf6 53. Kh5 Kf7 54. Kg5 Kg8 55. g4 Kf7 56. Rc7+ Kg8 57. Ra7 Rb6 58. Kh5 Rh6+ 59. Kg5 Kh7 60. h4 Rb6 61. Ra8 Rc6 62. h5 Rb6 63. Kh4 Rb4 64. Rxa6 Rxf4 65. Kg5 Rb4 66. h6 gxh6+ 67. Rxh6+ Kg7 68. Re6 Kf7 69. Rc6 Rb7 70. Rh6 Kg7 71. f6+ Kg8 72. Kg6 Rb6 73. g5 Ra6 74. Rh2 Ra7 75. Rc2 Ra8 76. Rc7 Rb8 77. Rg7+ Kh8 78. Rh7+ Kg8 79. f7+ 1-0

[Event "Wuerttemberg candidate op"]
[Site "Oeffingen"]
[Date "2002.08.25"]
[Round "2"]
[White "Rieder, Josef"]
[Black "Ludwig, Sebastian"]
[Result "0-1"]
[WhiteElo "2011"]
[BlackElo "1879"]
[PlyCount "34"]
[EventDate "2002.??.??"]
[EventType "swiss"]
[EventRounds "9"]
[EventCountry "GER"]
[SourceTitle "EXT 2004"]
[Source "ChessBase"]
[SourceDate "2003.11.25"]
[SourceVersion "1"]
[SourceVersionDate "2003.11.25"]
[SourceQuality "1"]

1. e4 e6 2. d4 d5 3. Nd2 Nf6 4. Bd3 dxe4 5. Nxe4 Nbd7 6. Nf3 Be7 7. 0-0 b6 8. Bf4 Bb7 9. Nfd2 0-0 10. c3 Nd5 11. Bg3 f5 12. Be5 fxe4 13. Nxe4 Nxe5 14. dxe5 Nf4 15. Bc2 Qxd1 16. Raxd1 Rad8 17. Rde1 Ba6 0-1

[Event "Wuerttemberg-ch U18"]
[Site "Lindau"]
[Date "2002.04.05"]
[Round "6"]
[White "Ludwig, Sebastian"]
[Black "Bissbort, Julian"]
[Result "1-0"]
[WhiteElo "1712"]
[BlackElo "1605"]
[PlyCount "79"]
[EventDate "2002.04.??"]
[EventType "swiss"]
[EventRounds "7"]
[EventCountry "GER"]
[SourceTitle "EXT 2003"]
[Source "ChessBase"]
[SourceDate "2002.11.25"]
[SourceVersion "1"]
[SourceVersionDate "2002.11.25"]
[SourceQuality "1"]

1. d4 Nf6 2. Nf3 g6 3. e3 Bg7 4. Bd3 d5 5. Nbd2 Bg4 6. c3 c6 7. e4 dxe4 8. Nxe4 Nbd7 9. h3 Bxf3 10. Qxf3 e5 11. Be3 Nxe4 12. Bxe4 f5 13. Bc2 0-0 14. 0-0-0 e4 15. Qe2 Nb6 16. g3 Nd5 17. h4 h5 18. Bg5 Qa5 19. Bb3 Kh7 20. Rhe1 Nxc3 21. bxc3 Qxc3+ 22. Qc2 Qa1+ 23. Qb1 Qc3+ 24. Qc2 Qa1+ 25. Kd2 Qxd4+ 26. Ke2 Qb4 27. Rd7 c5 28. Red1 Qb5+ 29. Bc4 Qb4 30. Bd2 Qa3 31. Bc3 Rg8 32. Qb3 Qxb3 33. axb3 Kh6 34. Bxg8 Rxg8 35. Bxg7+ Rxg7 36. Rxg7 Kxg7 37. Rd7+ Kf6 38. Rxb7 Ke5 39. Rxa7 Kd4 40. Kd2 1-0

[Event "Wuerttemberg-ch U18"]
[Site "Lindau"]
[Date "2002.04.04"]
[Round "5"]
[White "Bathray, Johannes"]
[Black "Ludwig, Sebastian"]
[Result "1/2-1/2"]
[WhiteElo "1783"]
[BlackElo "1712"]
[PlyCount "33"]
[EventDate "2002.04.??"]
[EventType "swiss"]
[EventRounds "7"]
[EventCountry "GER"]
[SourceTitle "EXT 2003"]
[Source "ChessBase"]
[SourceDate "2002.11.25"]
[SourceVersion "1"]
[SourceVersionDate "2002.11.25"]
[SourceQuality "1"]

1. d4 Nf6 2. c4 g6 3. Nc3 Bg7 4. Nf3 d6 5. g3 0-0 6. Bg2 Nbd7 7. 0-0 c6 8. e4 e5 9. Be3 Qe8 10. d5 Nb6 11. Qe2 Ng4 12. Bg5 f6 13. Bc1 f5 14. h3 Nf6 15. Nd2 fxe4 16. Ndxe4 Nxe4 17. Qxe4 1/2-1/2

[Event "Wuerttemberg-ch U18"]
[Site "Lindau"]
[Date "2002.04.04"]
[Round "4"]
[White "Ludwig, Sebastian"]
[Black "Haecker, Sonja"]
[Result "1/2-1/2"]
[WhiteElo "1712"]
[BlackElo "1828"]
[PlyCount "53"]
[EventDate "2002.04.??"]
[EventType "swiss"]
[EventRounds "7"]
[EventCountry "GER"]
[SourceTitle "EXT 2003"]
[Source "ChessBase"]
[SourceDate "2002.11.25"]
[SourceVersion "1"]
[SourceVersionDate "2002.11.25"]
[SourceQuality "1"]

1. d4 d5 2. Nf3 Nf6 3. e3 Bf5 4. Bd3 Bg6 5. Nbd2 Nbd7 6. 0-0 e6 7. Qe2 Ne4 8. Ne5 Bd6 9. f4 Ndf6 10. Nxg6 hxg6 11. Qf3 Nxd2 12. Bxd2 Qe7 13. c4 c6 14. c5 Bc7 15. b4 a6 16. a4 Nd7 17. g3 0-0 18. Kg2 Rfb8 19. a5 Nf6 20. g4 Kf8 21. Be1 Ng8 22. g5 Ke8 23. h4 Kd7 24. Rh1 Qf8 25. Bf2 Ne7 26. h5 gxh5 27. Rxh5 1/2-1/2

[Event "BEM-ch U18"]
[Site "Tamm"]
[Date "2001.02.03"]
[Round "3"]
[White "Hofmann, Frank"]
[Black "Ludwig, Sebastian"]
[Result "1-0"]
[WhiteElo "1332"]
[BlackElo "1583"]
[PlyCount "74"]
[EventDate "2001.??.??"]
[EventType "swiss"]
[EventRounds "5"]
[EventCountry "GER"]
[SourceTitle "EXT 2003"]
[Source "ChessBase"]
[SourceDate "2002.11.25"]
[SourceVersion "1"]
[SourceVersionDate "2002.11.25"]
[SourceQuality "1"]

1. e4 e6 2. d4 d5 3. Nc3 Nf6 4. Bg5 Be7 5. e5 Nfd7 6. h4 0-0 7. Qg4 f5 8. Qg3 a6 9. Be2 c5 10. 0-0-0 cxd4 11. Rxd4 Nc6 12. Rd1 Ndxe5 13. Bh6 Rf7 14. Bh5 g6 15. Be2 Kh8 16. f4 Nd7 17. h5 Qg8 18. hxg6 Qxg6 19. Qh3 Nf6 20. Rd3 Ng4 21. Qg3 Nge5 22. fxe5 Qxg3 23. Rxg3 Nxe5 24. Bh5 f4 25. Bxf7 fxg3 26. Bh5 Bd7 27. Bf4 Nc4 28. Bg6 h5 29. Bxh5 Rf8 30. Be2+ Kg8 31. Bxg3 Bg5+ 32. Kb1 Ne3 33. Bf3 Bc6 34. Nge2 Nc4 35. Nd4 Nd2+ 36. Ka1 Nxf3 37. Nxf3 Bd7 1-0

[Event "BEM-ch U18"]
[Site "Tamm"]
[Date "2001.02.03"]
[Round "2"]
[White "Ludwig, Sebastian"]
[Black "Widmer, Axel"]
[Result "1/2-1/2"]
[WhiteElo "1583"]
[BlackElo "1653"]
[PlyCount "47"]
[EventDate "2001.??.??"]
[EventType "swiss"]
[EventRounds "5"]
[EventCountry "GER"]
[SourceTitle "EXT 2003"]
[Source "ChessBase"]
[SourceDate "2002.11.25"]
[SourceVersion "1"]
[SourceVersionDate "2002.11.25"]
[SourceQuality "1"]

1. d4 Nf6 2. Nf3 g6 3. e3 Bg7 4. Bd3 0-0 5. 0-0 d6 6. c3 Nbd7 7. Nbd2 e5 8. Re1 Qe7 9. e4 Nh5 10. dxe5 Nxe5 11. Nxe5 Bxe5 12. Nf1 Nf4 13. Bxf4 Bxf4 14. Qe2 h5 15. f3 g5 16. Ne3 c6 17. Nf5 Qf6 18. g3 Be5 19. Kh1 Bxf5 20. exf5 Qh6 21. Qf2 h4 22. g4 Qf6 23. Re2 Qd8 24. Qe3 1/2-1/2

[Event "BEM-ch U18"]
[Site "Tamm"]
[Date "2001.01.27"]
[Round "1"]
[White "Burk, Christian"]
[Black "Ludwig, Sebastian"]
[Result "0-1"]
[WhiteElo "900"]
[BlackElo "1583"]
[PlyCount "56"]
[EventDate "2001.??.??"]
[EventType "swiss"]
[EventRounds "5"]
[EventCountry "GER"]
[SourceTitle "EXT 2003"]
[Source "ChessBase"]
[SourceDate "2002.11.25"]
[SourceVersion "1"]
[SourceVersionDate "2002.11.25"]
[SourceQuality "1"]

1. e4 e6 2. d4 d5 3. e5 c5 4. c4 cxd4 5. Nf3 Nc6 6. b3 Bb4+ 7. Nbd2 Nge7 8. a3 Bxd2+ 9. Qxd2 Qc7 10. Qg5 Ng6 11. Bf4 Nxf4 12. Qxf4 f6 13. Nxd4 fxe5 14. Nxe6 Bxe6 15. Qg5 Qe7 16. Qd2 0-0-0 17. Qc2 Qh4 18. g3 Qe4+ 19. Qxe4 dxe4 20. Bg2 Rd3 21. Rb1 Bf5 22. 0-0 Nd4 23. Rfd1 Rd8 24. Bf1 Nf3+ 25. Kh1 Rxd1 26. Rxd1 Rxd1 27. Kg2 Bh3+ 28. Kxh3 Rxf1 0-1